<?xml version="1.0" encoding="UTF-8"?>
<record
    xmlns:xsi="http://www.w3.org/2001/XMLSchema-instance"
    xsi:schemaLocation="http://www.loc.gov/MARC21/slim http://www.loc.gov/standards/marcxml/schema/MARC21slim.xsd"
    xmlns="http://www.loc.gov/MARC21/slim">

  <leader>01242nem0a2200289   4500</leader>
  <controlfield tag="001">RU\NLR\cart\7216</controlfield>
  <controlfield tag="005">20250617204812.0</controlfield>
  <datafield tag="035" ind1=" " ind2=" ">
    <subfield code="a">(NLR Aleph) 004277321</subfield>
  </datafield>
  <datafield tag="090" ind1=" " ind2=" ">
    <subfield code="a">2328585</subfield>
    <subfield code="c">2328585</subfield>
  </datafield>
  <datafield tag="100" ind1=" " ind2=" ">
    <subfield code="a">20120315d2006    |||y0rusy50      ca</subfield>
  </datafield>
  <datafield tag="101" ind1="0" ind2=" ">
    <subfield code="a">rus</subfield>
  </datafield>
  <datafield tag="102" ind1=" " ind2=" ">
    <subfield code="a">RU</subfield>
  </datafield>
  <datafield tag="120" ind1=" " ind2=" ">
    <subfield code="a">byy xx||</subfield>
  </datafield>
  <datafield tag="123" ind1="1" ind2=" ">
    <subfield code="a">a</subfield>
    <subfield code="b">1 300 000</subfield>
  </datafield>
  <datafield tag="200" ind1="1" ind2=" ">
    <subfield code="a">&#x41A;&#x438;&#x440;&#x43E;&#x432;&#x441;&#x43A;&#x430;&#x44F; &#x43E;&#x431;&#x43B;&#x430;&#x441;&#x442;&#x44C;. &#x410;&#x434;&#x43C;&#x438;&#x43D;&#x438;&#x441;&#x442;&#x440;&#x430;&#x442;&#x438;&#x432;&#x43D;&#x430;&#x44F; &#x43A;&#x430;&#x440;&#x442;&#x430;</subfield>
    <subfield code="b">&#x41A;&#x430;&#x440;&#x442;&#x44B;</subfield>
    <subfield code="e">&#x41A;&#x430;&#x440;&#x442;&#x430; &#x41A;&#x438;&#x440;&#x43E;&#x432;&#x441;&#x43A;&#x43E;&#x439; &#x43E;&#x431;&#x43B;&#x430;&#x441;&#x442;&#x438; &#x43D;&#x430; &#x43D;&#x430;&#x447;&#x430;&#x43B;&#x43E; 1939 &#x433;&#x43E;&#x434;&#x430;</subfield>
  </datafield>
  <datafield tag="206" ind1=" " ind2=" ">
    <subfield code="a">[&#x43E;&#x43A;.1:1 300 000, 13 &#x43A;&#x43C; &#x432; 1 &#x441;&#x43C;]</subfield>
  </datafield>
  <datafield tag="210" ind1=" " ind2=" ">
    <subfield code="a">[&#x41A;&#x438;&#x440;&#x43E;&#x432;]</subfield>
    <subfield code="c">[&#x422;&#x435;&#x440;&#x440;&#x438;&#x442;&#x43E;&#x440;. &#x43E;&#x440;&#x433;&#x430;&#x43D; &#x424;&#x435;&#x434;&#x435;&#x440;&#x430;&#x43B;. &#x441;&#x43B;&#x443;&#x436;&#x431;&#x44B; &#x433;&#x43E;&#x441;. &#x441;&#x442;&#x430;&#x442;&#x438;&#x441;&#x442;&#x438;&#x43A;&#x438; &#x43F;&#x43E; &#x41A;&#x438;&#x440;&#x43E;&#x432;. &#x43E;&#x431;&#x43B;.]</subfield>
    <subfield code="d">2006</subfield>
  </datafield>
  <datafield tag="215" ind1=" " ind2=" ">
    <subfield code="a">1 &#x43A;.</subfield>
    <subfield code="c">&#x446;&#x432;.</subfield>
    <subfield code="d">42&#x445;42 &#x441;&#x43C;</subfield>
  </datafield>
  <datafield tag="311" ind1=" " ind2=" ">
    <subfield code="a">&#x41F;&#x440;&#x438;&#x43B;. &#x43A; &#x43A;&#x43D;.; "&#x41F;&#x430;&#x43C;&#x44F;&#x442;&#x43D;&#x430;&#x44F; &#x43A;&#x43D;&#x438;&#x436;&#x43A;&#x430; &#x41A;&#x438;&#x440;&#x43E;&#x432;&#x441;&#x43A;&#x43E;&#x439; &#x43E;&#x431;&#x43B;&#x430;&#x441;&#x442;&#x438; &#x438; &#x43A;&#x430;&#x43B;&#x435;&#x43D;&#x434;&#x430;&#x440;&#x44C; &#x43D;&#x430; 2006 &#x433;&#x43E;&#x434;"</subfield>
  </datafield>
  <datafield tag="509" ind1="0" ind2="1">
    <subfield code="7">ca</subfield>
    <subfield code="a">&#x41A;&#x438;&#x440;&#x43E;&#x432;&#x441;&#x43A;&#x430;&#x44F;</subfield>
    <subfield code="g">&#x43E;&#x431;&#x43B;&#x430;&#x441;&#x442;&#x44C;</subfield>
    <subfield code="9">2633415</subfield>
    <subfield code="3">RU\NLR\auth_crt\55233</subfield>
  </datafield>
  <datafield tag="606" ind1="0" ind2=" ">
    <subfield code="a">&#x41F;&#x43E;&#x43B;&#x438;&#x442;&#x438;&#x43A;&#x43E;-&#x430;&#x434;&#x43C;&#x438;&#x43D;&#x438;&#x441;&#x442;&#x440;&#x430;&#x442;&#x438;&#x432;&#x43D;&#x44B;&#x435;</subfield>
    <subfield code="9">2178088</subfield>
    <subfield code="3">RU\NLR\auth_crt\66170</subfield>
  </datafield>
  <datafield tag="620" ind1=" " ind2=" ">
    <subfield code="a">&#x420;&#x43E;&#x441;&#x441;&#x438;&#x44F;</subfield>
  </datafield>
  <datafield tag="801" ind1=" " ind2="0">
    <subfield code="a">RU</subfield>
    <subfield code="b">NLR</subfield>
    <subfield code="c">20120315</subfield>
    <subfield code="g">PSBO</subfield>
  </datafield>
  <datafield tag="852" ind1=" " ind2=" ">
    <subfield code="a">NLR</subfield>
    <subfield code="b">&#x41A;</subfield>
    <subfield code="j">4-&#x412;&#x412;&#x43E;&#x43B; 1/474</subfield>
    <subfield code="m">85423</subfield>
  </datafield>
  <datafield tag="942" ind1=" " ind2=" ">
    <subfield code="c">MAP</subfield>
  </datafield>
  <datafield tag="980" ind1=" " ind2=" ">
    <subfield code="a">NB</subfield>
  </datafield>
  <datafield tag="995" ind1=" " ind2=" ">
    <subfield code="5">2013-10-26</subfield>
    <subfield code="b">NLR02</subfield>
    <subfield code="c">NLR02</subfield>
    <subfield code="e">MAP</subfield>
    <subfield code="f">4277321-10</subfield>
    <subfield code="k">&#x41A; 4-&#x412;&#x412;&#x43E;&#x43B; 1/474</subfield>
    <subfield code="o">0</subfield>
    <subfield code="r">BOOK</subfield>
    <subfield code="s">_41474</subfield>
  </datafield>
</record>
